Authors of Famous Books - Statistics

General Stats
  • This quiz has been taken 87 times
  • The average score is 10 of 16
Answer Stats
Book Names Author % Correct
Harry Potter (series) J. K. Rowling
97%
Romeo & JulietHamlet Macbeth William Shakespeare
96%
Oliver Twist Great ExpectationsA Christmas Carol Charles Dickens
91%
Animal Farm 1984 George Orwell
91%
Pride and Prejudice Sense and SensibilityEmma Northanger Abby Jane Austen
90%
The Lord of the Rings (series) J. R. R. Tolkien
86%
To Kill a Mockingbird Harper Lee
79%
Little WomenLittle Men Jo's Boys Louisa May Alcott
74%
War and PeaceAnna Karenina Lewis Tolstoy
71%
The Chronicles of Narnia C. S. Lewis
69%
The Nightingale and the Rose The Happy Prince The Picture of Dorian Gray Oscar Wilde
64%
The Hunger Games (series)The Ballad of Songbirds and Snakes Susanne Collins
43%
The Kite Runner Khaled Hosseini
40%
All the Broken PlacesThe Boy in the Striped Pajamas
The Boy at the Top of the Mountain
John Boyne
9%
Tomorrow, When the War BeganThe Rabbits So Much to Tell You John Marsden
4%
Bridge to Terabithia Katherine Paterson
4%
No matching quizzes found
Score Distribution
Percent of People with Each Score
Percentile by Number Answered
Your Score History
You have not taken this quiz